|
|
|
|
| LEADER |
00000cas a2200000 a 4500 |
| 001 |
vtls001343333 |
| 003 |
SK-MaSNL |
| 005 |
20260228155746.0 |
| 008 |
980929d19391940fr mr p 0 0b0slo c |
| 035 |
|
|
|a SNK000296506
|
| 040 |
|
|
|a SNK
|b slo
|c SNK
|e AACR2
|
| 041 |
0 |
|
|a slo
|a fre
|
| 043 |
|
|
|a e-fr---
|
| 044 |
|
|
|a fr
|c FR
|
| 072 |
|
7 |
|a 050
|x Seriálové publikácie. Periodiká
|2 konspekt
|
| 072 |
|
7 |
|a 323
|x Vnútropolitický vývoj, politický život
|2 konspekt
|
| 080 |
|
|
|a 323.15
|2 2011
|
| 080 |
|
|
|a (44)
|2 2011
|
| 080 |
|
|
|a 050
|2 2011
|
| 080 |
|
|
|a (=162.4)
|2 2011
|
| 080 |
|
|
|a 314.15-026.49(051)+(054)
|2 2011
|
| 245 |
0 |
0 |
|a Slovenský Chýrnik
|
| 260 |
|
|
|a Paris
|b Slovenský Chýrnik
|c 1939-[1940]
|
| 300 |
|
|
|a 2 zv.
|c cm
|
| 310 |
|
|
|a 1x mesačne
|
| 362 |
0 |
|
|a Roč. 1 (1939)-[roč. 2, č. 5 (1940)]
|
| 650 |
0 |
7 |
|a Slováci v zahraničí
|2 SNKPH
|9 14695
|
| 651 |
|
7 |
|a Francúzsko
|2 SNKPhgeo
|9 15907
|
| 655 |
|
7 |
|a krajanské periodiká
|2 SNKPH
|9 110004
|
| 910 |
|
|
|a snk
|
| 999 |
|
|
|c 449
|d 449
|
| 952 |
|
|
|0 0
|1 0
|4 0
|7 0
|8 5
|a SNK
|b SNK
|d 2007-11-22
|i snkF 80/67
|l 0
|o snkČSC 1214/1939
|p 17A0568511
|r 2026-02-21 20:21:50
|t č. 1-7, neúplné
|w 2026-02-21
|y PREZ
|z Chýba č. 1-5
|
| 952 |
|
|
|0 0
|1 0
|4 0
|7 0
|8 1
|a SNK
|b SNK
|d 1998-09-29
|i snkD 148/67
|l 0
|o snkČSC 1214/1940
|p 17A0163143
|r 2005-01-02 00:00:00
|t č. 1-5
|w 2026-02-21
|y PREZ
|
| 952 |
|
|
|0 0
|1 0
|4 0
|7 0
|8 5
|a SNK
|b SNK
|d 2016-11-02
|i snkF 6116/77
|l 0
|o snkČSC 1214/1939 D1
|p 17A1151208
|r 2026-02-21 22:17:17
|t č. 1-7, neúplné
|w 2026-02-21
|y PREZ
|z Chýba č. 1-5
|